Documentos para la historia de audiencia de Quito / (Record no. 57208)

MARC details
000 -LEADER
campo de control de longitud fija 00540nam a2200169 i 4500
001 - NÚMERO DE CONTROL
campo de control 57208
003 - IDENTIFICADOR DE NÚMERO DE CONTROL
campo de control ES-MaACL
007 - CAMPO FIJO DE DESCRIPCIÓN FÍSICA--INFORMACIÓN GENERAL
campo de control de longitud fija t|
008 - DATOS DE LONGITUD FIJA--INFORMACIÓN GENERAL
campo de control de longitud fija 031015m19481949sp ||||1| spa d
245 00 - MENCIÓN DEL TÍTULO
Título Documentos para la historia de audiencia de Quito /
Mención de responsabilidad, etc. investigación y compilación por José Rumazo.
260 ## - PUBLICACIÓN, DISTRIBUCIÓN, ETC.
Lugar de publicación, distribución, etc. [Madrid] :
Nombre del editor, distribuidor, etc. Afrodisio Aguado,
Fecha de publicación, distribución, etc. [1948-49]
300 ## - DESCRIPCIÓN FÍSICA
Extensión 6 v. ;
Dimensiones 22 cm.
500 ## - NOTA GENERAL
Nota general Falta el tomo V.
505 8# - NOTA DE CONTENIDO CON FORMATO
Nota de contenido con formato Contiene: T. I-VII.: Pedro Vicente Maldonado
700 1# - ENTRADA AGREGADA--NOMBRE PERSONAL
Nombre de persona Rumazo, José.
9 (RLIN) 100987
852 ## - LOCALIZACIÓN
Ubicación ES-MaACL
Número de control de estantería E-3459-64
Holdings
Estatus retirado Estado de pérdida Estado de daño No para préstamo Biblioteca de origen Biblioteca actual Ubicación en estantería Fecha de adquisición Fuente de adquisición Total de préstamos Signatura topográfica completa Código de barras Visto por última vez Precio de reemplazo Tipo de ítem Koha
        Biblioteca del Ateneo de Madrid Biblioteca del Ateneo de Madrid Depósito 2 17/01/2008     E-3459-64 1060066 23/02/2023 23/02/2023 Libro impreso